000 00309nam a22001337a 4500
008 170911b xxu||||| |||| 00| 0 eng d
020 _a0721642489
041 _aeng
080 _a53
100 _a43
101 _aFIZ
245 _aPHYSICS FOR BIOLOGY AND PRE-MED STUDENTS
_cGREENBERG,L.H
942 _2udc
_cBK
999 _c27119
_d27119